Central Library OPAC University of Rajshahi
Normal view MARC view

Entry Topical Term

Number of records used in: 4

001 - CONTROL NUMBER

  • control field: 6402

003 - CONTROL NUMBER IDENTIFIER

  • control field: BD-RjUL

005 - DATE AND TIME OF LATEST TRANSACTION

  • control field: 20221221114348.0

008 - FIXED-LENGTH DATA ELEMENTS

  • fixed length control field: 221221|| aca||aabn | a|a d

040 ## - CATALOGING SOURCE

  • Original cataloging agency: BD-RjUL
  • Transcribing agency: BD-RjUL

150 ## - HEADING--TOPICAL TERM

  • Topical term or geographic name entry element: সাংবিধানিক ইতিহাস
  • Geographic subdivision: বাংলাদেশ

670 ## - SOURCE DATA FOUND

  • Source citation: Work cat.: (BD-RjUL)81005: ফিরোজ, জালাল 588, বঙ্গবন্ধু গণপরিষদ সংবিধান /